1841 1970 1969 1045 1186 1704 1077 1797 1513 1868 1699 1548 1876 1516 1207 1133 1646 1973 1265 1693 1922 1974 1456 1224 1134 1447 1340 1908 1681 1202 1337 1937 1439 1597 1928 1155 1687 1849 1899 1112 1164 1867 1554 1721 1198 1122 1259 1518 1969 1401 1405 1744 1686 1235 1665 1618 1907 1334 1259 1696 1978 1993 1877 1935 1625 1741 1893 1121 1076 1163 1704 1571 1266 1072 1960 1983 1586 1174 1485 1308 1445 1140 1533 1917 1618 1352 1861 1933 1828 1652 1773 1724 1610 1823 1007 1205 1179 1791 1608 BCNSPRNW ULIB Ver.6.0+V

เปลี่ยนเป็นภาษาไทย

Change to English
 แสดงรายละเอียดบรรณานุกรม
  กลับหน้าหลัก

Brief Record : Get Marc (ISO 2709) : E-mail record : QR code < ปิดหน้าต่าง
LEADER : 00000nam 2200000uu 4500
001    13399128540
003     ULIB
008    230906s2562||||th 000 0 tha d
020    ^a9786165653312
060    ^aWW205^bอ332C
100    ^aอรพรรณ อาญาสิทธิ์
245    ^aCOMMON EYELID DISEASES =^bโรคของหนังตาที่พบบ่อย/^cอรพรรณ อาญาสิทธิ์
250    ^aพิมพ์ครั้งที่ 1
260    ^aกรุงเทพฯ :^bสหมิตรพัฒนาการพิมพ์,^c2562
300    ^a220 หน้า;^b26 ซม.
650    ^aหนังตา^xโรค
945    ^p620^l0^i29683
945    ^p620^l0^i29684
999    ^aกัณชพร จุลอักษร
รายการนี้ยังไม่มีแท็ก
คุณยังไม่ได้ล็อกอิน คุณสามารถมีกิจกรรมร่วมกับเว็บไซต์ได้ แต่ต้องล็อกอินก่อน ::
  ล็อกอิน

รายการสื่อสารสนเทศ

ลำดับที่ ประเภท เลขเรียก/บาร์โค้ด สถานที่ สถานะ
1. หนังสือสำรอง
หนังสือสำรอง
WW205 อ332C ฉ.1 
  Barcode: 29683
ห้องสมุดวิทยาเขตนครสวรรค์
►หนังสือทั่วไป:l:General Books
บนชั้น
2. วิทยาศาสตร์การแพทย์ และสุขภาพ
วิทยาศาสตร์การแพทย์ และสุขภาพ
WW205 อ332C ฉ.2 
  Barcode: 29684
ห้องสมุดวิทยาเขตนครสวรรค์
►หนังสือทั่วไป:l:General Books
บนชั้น

รายการใกล้เคียง
    ผู้แต่ง [อรพรรณ อาญาสิทธิ์]

BibComment


ยังไม่เคยถูกคอมเมนท์

คอมเมนท์ทรัพยากรรายการนี้
  คอมเมนท์: COMMON EYELID DI..


 Copyright 2026. Bcnsprnw @Library